000 01723cad a2200349 4500
001 L158421
008 110215n2013 000 0 eng u
020 _a9781783210305
035 _a(Sirsi) u158421
041 _aeng
100 2 _aSinha, Susmita
111 2 _aConstruction and Building Research Conference
_cIIT Delhi, New Delhi
_d10-12 September 2013
245 0 0 _aExtracting information from BIM for energy code compliance of building envelope
_h[electronic resource]
260 _aLondon
_bRICS
_c2013
490 0 _aCOBRA
_v2013
520 _aA paper presented at the COBRA Conference in New Delhi on 10-12 September 2013. Looks at the extraction of information from Building Information Modelling platforms. The research methodology involves identification of building parameters to be analysed as per climatic zones in India, conversion of prescriptive code requirements into program logic, selection of appropriate BIM platform, and development of the extraction framework bases on BIM tool?s API to get intended outcomes. Based on the research a framework can be developed for directly extracting the parametric data in BIM models for automated checking against energy-code criteria.
650 2 4 _aENERGY EFFICIENCY IN BUILDINGS
650 2 4 _aBUILDING ENVELOPE
650 2 4 _aAUTOMATED CODE-CHECKING
650 2 4 _aLIFE CYCLE
650 2 4 _aENERGY CONSERVATION
650 2 4 _aENERGY ANALYSIS TOOL
650 2 4 _aCONSTRUCTION AND BUILDING RESEARCH CONFERENCE (COBRA)
651 4 _aIndia
690 _aBIM
_96219
690 _aSustainability
_96271
700 1 _aSawhney, Anil
700 1 _aBorrmann, Andre
700 1 _aRitter, Fabian
710 1 _aUniversity of Ulster
_93068
942 _n0
999 _c115298
_d115298